MARC

LEADER 00000nam0a2200000 4500
001 38439
005 20231101210511.0
035 |a (RuTPU)RU\TPU\book\39194 
090 |a 38439 
100 |a 20020305d1981 km y0rusy50 ca 
101 0 |a rus 
102 |a RU 
105 |a a g 001zy 
200 1 |a Справочник по инженерной геологии  |f Под ред. М. В. Чуринова 
205 |a 3-е изд., перераб. и доп. 
210 |a Москва  |c Недра  |d 1981 
215 |a 325 с.  |c ил. 
320 |a Библиогр.: с. 319-321. 
606 1 |a Инженерная геология  |2 stltpush  |3 (RuTPU)RU\TPU\subj\12572  |9 39335 
610 1 |a грунтоведение 
610 1 |a грунты 
610 1 |a механика 
610 1 |a информация 
610 1 |a накопление 
610 1 |a обработка 
610 1 |a картирование 
610 1 |a горные породы 
610 1 |a мелиорация 
610 1 |a оборудование 
610 1 |a приборы 
610 1 |a справочники 
675 |a 624.131.1(035)  |v 3 
702 1 |a Чуринов  |b М. В.  |4 340 
801 1 |a RU  |b 63413507  |c 20020305  |g PSBO 
801 2 |a RU  |b 63413507  |c 20210226  |g PSBO 
942 |c BK